Statistics for United States World Cup 2022 Squad

Click here to take the quiz!

General Stats

  • This quiz has been taken 6 times
  • The average score is 18 of 26

Answer Stats

PositionClubPlayer% Correct
FWLeeds UnitedBrenden Aaronson
100%
FWChelseaChristian Pulisic
100%
FWBorussia DortmundGiovanni Reyna
100%
GKArsenalMatt Turner
100%
DFAC MilanSergino Dest
100%
FWLOSC LilleTimothy Weah
100%
MFLeeds UnitedTyler Adams
100%
MFJuventusWeston McKennie
100%
MFValencia CFYunus Musah
100%
DFFulhamAntonee Robinson
83%
DFBorussia MonchengladbachJoe Scally
83%
FWNorwich CityJosh Sargent
83%
DFFulhamTim Ream
83%
FWAntalyasporHaji Wright
67%
DFCelticCameron Carter-Vickers
50%
DFInter MiamiDeAndre Yedlin
50%
GKLuton TownEthan Horvath
50%
FWFC DallasJesus Ferreira
50%
FWSeattle SoundersJordan Morris
50%
DFNashville SCWalker Zimmermann
50%
DFNew York Red BullsAaron Long
33%
MFSeattle SoundersCristian Roldan
33%
MFLAFCKellyn Acosta
33%
MFRC CeltaLuca De La Torre
33%
GKNew York City FCSean Johnson
33%
DFNashville SCShaq Moore
17%

Score Distribution

Percentile by Number Answered

Percent of People with Each Score

Your Score History

You have not taken this quiz